000
00317nam a22001457a 4500
008
221010b ||||| |||| 00| 0 eng d
020
_a
0801622336
041
_a
eng
080
_a
616.5
082
_a
616.5 HAB
100
_a
11.2
101
_a
DER
245
_a
CLINICAL DERMATOLOGY
_c
HABIF.P.TH
942
_2
udc
_c
BK
999
_c
58425
_d
58425